| 000 | 01174nam a22002657i 4500 | ||
|---|---|---|---|
| 999 |
_c23203 _d23203 |
||
| 003 | AR-CdUCM | ||
| 008 | 250129b20082008 pe||||| |||| 00| 0 spa d | ||
| 040 |
_aMUNICIPALIDAD PROVINCIAL DEL CUSCO _cBIBLIOTECA MUNICIPAL DEL CUSCO |
||
| 041 | _hspa | ||
| 082 |
_a985.41 / C47 _bC47 |
||
| 100 |
_a _950989 |
||
| 110 |
_aCentro de Estudios Arequipeños - Universidad Nacional de San Agustín _950990 |
||
| 245 |
_aArequipa a través del tiempo : _bPolítica, Cultura y Sociedad / |
||
| 260 |
_aArequipa : _c2008 |
||
| 300 |
_a169 páginas. : _c20x15 cm. |
||
| 500 | _zBibliografía: páginas164-136 | ||
| 505 | _aArte rupestre en Arequipa -- Reflexiones a cerca del proceso cultural y legitimación inca en Arequipa -- Repensando la rebelión de los pasquines -- Poder y conflicto en el primer periodo de Arequipa "la primavera de Arequipa" 1825 | ||
| 650 |
_aArte rupestre _912199 |
||
| 650 |
_aIncas en Arequipa _950981 |
||
| 650 |
_aProceso Cultural _950982 |
||
| 650 |
_aPoder y conflicto _950983 |
||
| 700 |
_a(Editores) Espinoza de la Borda, Álvaro - Calderón Valenzuela, Fernando - Tacca Quispe _950994 |
||
| 942 |
_2ddc _cLIBROS |
||
| 945 |
_apbjr _d29-01-2025 |
||